Introducción a la econometría (Registro nro. 1174)

Detalles MARC
000 -LEADER
fixed length control field 01656 a2200265 4500
001 - CONTROL NUMBER
control field 24344
005 - DATE AND TIME OF LATEST TRANSACTION
control field 20260407155527.0
008 - FIXED-LENGTH DATA ELEMENTS--GENERAL INFORMATION
fixed length control field 260407a2012 arg spa d
003 - CONTROL NUMBER IDENTIFIER
control field AR-UNSa-BCEJYS
040 ## - CATALOGING SOURCE
Original cataloging agency AR-UNSa-BCEJYS
Language of cataloging spa
Transcribing agency AR-UNSa-BCEJYS
080 ## - UNIVERSAL DECIMAL CLASSIFICATION NUMBER
Universal Decimal Classification number 330.43
Common auxiliary subdivision Econometría
020 ## - INTERNATIONAL STANDARD BOOK NUMBER
International Standard Book Number 978-84-8322-877-7
100 1# - MAIN ENTRY--PERSONAL NAME
Personal name Stock, James H.
245 10 - TITLE STATEMENT
Title Introducción a la econometría
250 ## - EDITION STATEMENT
Edition statement 3a. ed.
264 #1 - PRODUCTION, PUBLICATION, DISTRIBUTION, MANUFACTURE, AND COPYRIGHT NOTICE
Place of production, publication, distribution, manufacture Madrid :
Name of producer, publisher, distributor, manufacturer Pearson Educación
Date of production, publication, distribution, manufacture, or copyright notice 2012
300 ## - PHYSICAL DESCRIPTION
Extent xxxiv, 561 p.
Dimensions 27 cm.
505 ## - FORMATTED CONTENTS NOTE
Formatted contents note 1. Cuestiones económicas y datos - 2. Repaso de probabilidad - 3. Repaso de estadística - 4. Regresión lineal con regresor único - 5. Regresión con regresor único: contrastes de hipótesis e intervalos de confianza en regresión múltiple - 6. Regresión lineal con varios regresores - 7. Contrastes de hipótesis e intervalos de confianza en regresión múltiple - 8. Funciones de regresión no lineales - 9. Evaluación de estudios basados en regresión múltiple - 10. Regresión con datos de panel - 11. Regresión con variable dependiente binaria - 12. Regresión con variables instrumentales - 13. Experimentos y cuasi experimentos - 14. Introducción a la regresión de series temporales y predicción - 15. Estimación de efectos causales dinámicos - 16. Otros temas relacionados con la regresión en series temporales - 17. Teoría de regresión lineal con regresor único - 18. Teoría de regresión múltiple
590 ## - LOCAL NOTE (RLIN)
Local note niveau_biblio:m niveau_hierar:0
700 1# - ADDED ENTRY--PERSONAL NAME
Personal name Watson, Mark W.
700 1# - ADDED ENTRY--PERSONAL NAME
Personal name Arrazola Vacas, María
700 1# - ADDED ENTRY--PERSONAL NAME
Personal name Rodas Alfaya, Leticia
700 1# - ADDED ENTRY--PERSONAL NAME
Personal name Sánchez Larrión, Raúl
942 ## - ADDED ENTRY ELEMENTS (KOHA)
Koha item type
Existencias
Withdrawn status Lost status Damaged status Not for loan Home library Current library Shelving location Date acquired Total checkouts Full call number Barcode Date last seen Price effective from Koha item type Public note
        Biblioteca Prof. Eusebio Cleto del Rey Biblioteca Prof. Eusebio Cleto del Rey   07/04/2026   330.43 S864 3ed. L119638 07/04/2026 07/04/2026 Libro PAG. 279 SUELTA - CANTO SUPERIOR MANCAHD ROJA PEQUEÑA - UN POCO HÚMEDO
        Biblioteca Prof. Eusebio Cleto del Rey Biblioteca Prof. Eusebio Cleto del Rey   07/04/2026   330.43 S864 3ed. L119639 07/04/2026 07/04/2026 Libro CANTO SUPERIOR HÚMEDO Y MANCHADO - PAG. 273 A 290 - LÁPIZ LEVE -
        Biblioteca Prof. Eusebio Cleto del Rey Biblioteca Prof. Eusebio Cleto del Rey   07/04/2026   330.43 S864 3ed. L119637 07/04/2026 07/04/2026 Libro